US State "Hangman" - Randomized - Statistics

General Stats
  • This quiz has been taken 125,700 times
  • The average score is 6 of 8
Answer Stats
Spelling % Correct
A
96%
A
96%
A
96%
A
96%
A
95%
A
95%
A
95%
A
95%
A
94%
A
94%
A
94%
A
93%
A
93%
A
91%
I
88%
I
88%
E
87%
N
84%
R
83%
O
82%
O
82%
S
81%
S
81%
E
80%
K
80%
I
79%
I
79%
I
79%
N
79%
M
78%
I
74%
I
74%
S
73%
S
73%
S
71%
I
70%
I
70%
I
70%
L
70%
L
70%
N
70%
N
70%
L
69%
R
69%
O
68%
O
68%
O
68%
R
68%
S
68%
M
67%
U
67%
E
66%
E
66%
N
65%
L
64%
M
64%
B
63%
K
63%
R
62%
C
61%
N
61%
N
61%
O
61%
O
61%
C
60%
H
59%
M
59%
G
57%
L
57%
D
56%
L
56%
H
55%
K
55%
R
55%
T
54%
R
53%
R
51%
U
50%
D
48%
G
48%
V
46%
W
46%
Y
46%
C
45%
D
44%
K
40%
K
40%
Y
38%
No matching quizzes found
Score Distribution
Percent of People with Each Score
Percentile by Number Answered
Your Score History
You have not taken this quiz